| 000 | 00567nam a22001937a 4500 | ||
|---|---|---|---|
| 005 | 20251108172428.0 | ||
| 008 | 250721s9999 xx 000 0 ara d | ||
| 082 | 1 | 4 | _a811.9/قرن |
| 100 | 1 | _aقرني، محمود | |
| 245 | 1 | 0 | _aهواء لشجرات العام : شعر / |
| 264 | 1 |
_aالقاهرة : _bالهيئة المصرية العامة للكتاب، |
|
| 300 | _a115ص | ||
| 490 | 0 | _aكتابات جديدة | |
| 650 | 1 | 7 | _aالشعر العربي |
| 650 | 1 | 7 | _aالأدب العربي |
| 650 | 1 | 7 | _aمصر |
| 942 |
_2ddc _cBK |
||
| 999 |
_c79077 _d79077 |
||